00326nam a2200121Ia 4500008004100000041000800041082001600049100001900065245004500084260003200129300003200161365001100193240624s9999 xx 000 0 und d aeng a658.406 CAM aCAMERON ESTHER aMAKING SENSE OF CHANGE MANAGEMENT A COMP c2004aNew DelhibKogan Page aviii, : 280 : p. : cm. ; 23 cRSb32